00749 2200265 4500001002100000005001700021008004100038020001800079035002400097082001000121090001700131100002000148245008800168250001100256260003500267300003100302500003100333650001700364700002600381700002800407850001200435980001500447985000600462999001500468YOGYA-0209000001787620090227022816.0 ind  a979-489-213-0 0010-020900000017876 a635.9 a635.9bPal M aPALUNGKUN, Rony aMenghijaukan ruangancRony Palungkun, Yovita Hety Indriani, yustina Erna Widyastuti aCet. 6 aJakartabPanebar Swadayac2002 aviii, 128 hlmbilusc21 cm aBibliografi : hlm. 123-125 aTanaman hias aIndriani, Yovita Hety aWidyastuti Yustina Erna aYOPDYOG a16-02-2006 a1 a02P0002291